| 000 | 01535nam a2200121Ia 4500 | ||
|---|---|---|---|
| 008 | 220615s9999||||xx |||||||||||||| ||und|| | ||
| 245 | 0 | _aRecent Advances and Future Trends in Pavement Engineering | |
| 546 | _aEnglish[eng] | ||
| 650 | _alaser Doppler vibrometer (LDV)||pavements||vibration measurement||noise floor||modal analysis||peat||asphalt||rheology||drainage||wet process||rutting||hot mix asphalt||recycled asphalt||RAP gradation||ignition test||FTIR||ESEM||transverse profile analysis||trenching||coring||hot-mix asphalt||flow number||effective binder content||air voids||voids in mineral aggregates||voids filled with asphalt||asphalt content||fiber optics sensors (FOS)||fiber Bragg grating (FBG) sensors||falling weight deflectometer (FWD)||permeable pavements||porous asphalt concrete||polymeric transparent binder||synthetic aggregates||urban pavements||urban runoff||hot mix asphalt dynamic modulus||principal component analysis||linear regression modeling||artificial neural network||receiver operating characteristic||optimization||complex modulus||fatigue cracking||permanent deformation||thermal cracking resistance||paving blocks||alkali-activated materials||waste powders||recycled materials||moisture damage||surface free energy components||cohesion||binder–aggregate adhesion||asphalt pavement||interface bonding||shear reaction modulus||numerical analysis||falling weight deflectometer||FOS||FBG | ||
| 700 | _aDe Maeijer, Patricia Kara | ||
| 856 | _uhttps://mdpi.com/books/pdfview/book/2662 | ||
| 942 | _cEB | ||
| 999 |
_c18764 _d18764 |
||